000 01482cam a22003737a 4500
003 CHAP
005 20220329142155.0
008 000127d1999 mx r 00110 spa d
010 _a79570
011 _a80542
035 _a90993
040 _cCHAP
090 _aTesis
100 0 0 _aRuiz Pacheco, José Consolación Ernesto.
_9100752
245 1 0 _aIntegración y operatividad de una empresa de lacteos de solidaridad social "El Huizache" Palma de la Cruz, San Luis Potosí
_c/por José Consolación Ernesto Ruiz Pacheco
260 _aChapingo, Méx. :
_bEl autor,
_c1999.
300 _a72 h. :
_bmapas ; cuadros
502 _aTesis (Ing. Agr. Esp. en Parasitología Agrícola) -- UACH. Departamento de Parasitología Agrícola
590 _aALEPH
_b10
_c20130110
_lUCH01
_h1432
590 _aBATCH-UPD
_b10
_c20130110
_lUCH01
_h0254
590 _aBATCH-UPD
_b10
_c20130110
_lUCH01
_h1731
590 _aBATCH-UPD
_b10
_c20130409
_lUCH01
_h2325
590 _aBATCH-UPD
_b10
_c20130914
_lUCH01
_h1147
590 _aCONVERSION
_b10
_c20130109
_lUCH01
_h1344
650 1 4 _aDesarrollo de la comunidad rural
_xSan Luis Potosí.
_932025
650 1 4 _aEmpresas campesinas.
_936652
650 1 4 _aIndustria lechera
_zSan Luis Potosí.
_957869
901 _aBK
905 _aLilia Sánchez G.
942 _cFOLL
949 _bBC
_cTES
_d33724000745337
_eTS2
_fc.2
_h34840
_i90993
_sb
949 _bBC
_cTES
_d33724000762399
_eTS2
_fc.3
_h35788
_i90993
_sb
949 _bBC
_cTES
_d909931
_eTS1
_h34839
_i90993
_sb
999 _c79570
_d79570